00670nam a2200181 a 450000100100000000500170001000800410002704000250006808200170009324500770011025000120018726000300019930000210022959000260025050000740027695201210035099900170047100002308520200930021958.0101126s1978 fr r 000 0 spa d aDO-SdBNPbspacBNPHU axxxxxbA396s00aAlgunas sugestiones sobre la enseñanza acerca de los derechos humanos. a2a. ed. aParís :bUNESCO,c1978. a165 p. ;c20 cm. aInventariado, 2019/VM aIncluye referencias bibliográficas y notas al pie de las páginas. 001054708MOaGRbGRcHDd2010-11-26iLF1l0oxxxxx A396sp23085-10r2020-06-25w2020-06-25y4ZPréstamo en sala c22582d22582